000 00899nam a22002057a 4500
005 20120216122340.0
010 _aB-453570
020 _a9780140272451
_c450.00
035 _aB-453570
037 _bR.B.C/VEN
082 _aS
100 _aChatterjee,Upamanyu
_943568
245 _aThe mammaries of the welfare state /
_cby Upamanyu Chatterjee
260 _aNew Delhi
_bPenguin Books
_c2000
270 _a11, Community Center,Panchsheel Park,
_bNew Delhi
_e110017
300 _a437p.
_c21cm.(pbk)
942 _2ddc
_cEN
_mCHA
_hS
999 _c62980
_d62980